[Event "Sao Bernardo do Campo op"]
[Site "Sao Bernardo do Campo"]
[Date "2013.06.28"]
[Round "1"]
[White "De Souza, Maira Bonifacio"]
[Black "Poeta, Caio Medeiros"]
[Result "0-1"]
[WhiteElo "1751"]
[BlackElo "1927"]
[PlyCount "60"]
[EventDate "2013.06.28"]
[EventType "swiss"]
[EventRounds "6"]
[EventCountry "BRA"]
[SourceTitle "EXT 2014"]
[Source "ChessBase"]
[SourceDate "2013.11.20"]
[SourceVersion "1"]
[SourceVersionDate "2013.11.20"]
[SourceQuality "1"]

1. e4 e6 2. Nf3 d5 3. exd5 exd5 4. d4 Nf6 5. g3 Bg4 6. Bg2 Bd6 7. Qe2+ Ne4 8. 0-0 0-0 9. Qd3 f5 10. Qb3 c6 11. Qxb7 f4 12. Ne5 Bxe5 13. dxe5 f3 14. Bh1 Qb6 15. Qxb6 axb6 16. Bf4 Nd7 17. Re1 g5 18. Be3 Rae8 19. Nd2 Nxd2 20. Bxd2 h6 21. Bc3 c5 22. Rad1 d4 23. Re4 Bf5 24. Ree1 dxc3 25. bxc3 Nxe5 26. Rd2 Nc4 27. Rxe8 Rxe8 28. Rd1 Bxc2 29. Rc1 g4 30. h3 Bf5 0-1